|
|
|
|
| LEADER |
00000nam0a2200000 4500 |
| 001 |
306158 |
| 005 |
20231102001852.0 |
| 035 |
|
|
|a (RuTPU)RU\TPU\book\331435
|
| 090 |
|
|
|a 306158
|
| 100 |
|
|
|a 20151003d1977 km y0rusy50 ca
|
| 101 |
0 |
|
|a rus
|
| 102 |
|
|
|a RU
|
| 105 |
|
|
|a a z 001zy
|
| 200 |
1 |
|
|a Машинное конструирование электронных устройств
|f В. А. Селютин
|
| 210 |
|
|
|a Москва
|c Советское радио
|d 1977
|
| 215 |
|
|
|a 383 с.
|c ил.
|
| 320 |
|
|
|a Библиогр.: с. 355-371.
|
| 320 |
|
|
|a Краткий терминологический словарь: с. 372-373.
|
| 320 |
|
|
|a Предм. указ.: с.375-378.
|
| 320 |
|
|
|a Имен. указ.: с. 379-380.
|
| 606 |
1 |
|
|a Электронные устройства
|2 stltpush
|3 (RuTPU)RU\TPU\subj\20534
|9 45633
|
| 610 |
1 |
|
|a алгоритмические методы
|
| 610 |
1 |
|
|a конструирование
|
| 610 |
1 |
|
|a узлы
|
| 610 |
1 |
|
|a компоненты
|
| 610 |
1 |
|
|a алгоритмы
|
| 610 |
1 |
|
|a элементы
|
| 610 |
1 |
|
|a размещение
|
| 610 |
1 |
|
|a трассировка
|
| 610 |
1 |
|
|a машинное конструирование
|
| 675 |
|
|
|a 621.38(075.8)
|v 3
|
| 700 |
|
1 |
|a Селютин
|b В. А.
|g Виктор Абрамович
|
| 801 |
|
1 |
|a RU
|b 63413507
|c 20151003
|
| 801 |
|
2 |
|a RU
|b 63413507
|c 20211028
|g RCR
|
| 942 |
|
|
|c BK
|